[Event "CAN-ch U14"]
[Site "Richmond Hill"]
[Date "2011.07.07"]
[Round "4"]
[White "Lin, Tony"]
[Black "Yang, Yimang"]
[Result "1-0"]
[WhiteElo "2028"]
[BlackElo "1706"]
[PlyCount "91"]
[EventDate "2011.07.06"]
[EventType "swiss"]
[EventRounds "7"]
[EventCountry "CAN"]
[SourceTitle "EXT 2022"]
[Source "ChessBase"]
[SourceDate "2021.10.06"]
[SourceVersion "1"]
[SourceVersionDate "2021.10.06"]
[SourceQuality "1"]

1. e4 c5 2. Nf3 d6 3. d4 cxd4 4. Nxd4 Nf6 5. Nc3 a6 6. Be2 e5 7. Nb3 Be7 8. Be3 Be6 9. 0-0 0-0 10. f4 b5 11. f5 Bc8 12. Bf3 Bb7 13. a3 Nbd7 14. Qe1 Qc7 15. Qf2 Nc5 16. Nxc5 dxc5 17. Rad1 Rfd8 18. g4 Rxd1 19. Rxd1 b4 20. g5 bxc3 21. gxf6 Bxf6 22. bxc3 c4 23. Bb6 Qe7 24. Qc5 Qxc5+ 25. Bxc5 Rc8 26. Bb4 Bc6 27. Rd6 Bb5 28. Kf2 Rd8 29. Rxd8+ Bxd8 30. Bd6 f6 31. Be2 Kh8 32. Ke3 a5 33. a4 Ba6 34. Bh5 Bb6+ 35. Kf3 Kg8 36. Be8 Kh8 37. Bf7 Bd8 38. Bc5 Bc7 39. h4 Bd8 40. h5 Bc7 41. Bd5 Bd8 42. Kg4 Bc7 43. h6 Bd8 44. Kh5 Bc7 45. Bf8 g6+ 46. fxg6 1-0

[Event "CAN-ch U20"]
[Site "Mississauga"]
[Date "2011.04.22"]
[Round "2"]
[White "Yang, Yimang"]
[Black "Giblon, Melissa"]
[Result "1-0"]
[WhiteElo "1654"]
[BlackElo "1348"]
[PlyCount "133"]
[EventDate "2011.04.21"]
[EventType "swiss"]
[EventRounds "9"]
[EventCountry "CAN"]
[SourceTitle "EXT 2022"]
[Source "ChessBase"]
[SourceDate "2021.10.06"]
[SourceVersion "1"]
[SourceVersionDate "2021.10.06"]
[SourceQuality "1"]

1. d4 Nf6 2. Nf3 g6 3. c4 Bg7 4. Nc3 d5 5. e3 0-0 6. Bd3 dxc4 7. Bxc4 Bf5 8. 0-0 Nc6 9. Nh4 Bg4 10. f3 Bc8 11. g3 a6 12. Ng2 b5 13. Be2 Bh3 14. Re1 g5 15. d5 Nb4 16. e4 c6 17. a3 Nbxd5 18. exd5 Nxd5 19. Nxd5 Qxd5 20. Qxd5 cxd5 21. Rb1 Bf5 22. Ra1 h6 23. Ne3 Be6 24. Bd3 Rac8 25. Nf5 Rfe8 26. Nxg7 Kxg7 27. Be3 Red8 28. Bd4+ Kg8 29. Rac1 Rxc1 30. Rxc1 Rc8 31. Rc5 Kf8 32. b3 f6 33. a4 Rxc5 34. Bxc5 bxa4 35. bxa4 Bc8 36. Kf2 Kf7 37. Ke2 e5 38. g4 Ke8 39. Bg6+ Kd7 40. Bf5+ Kc7 41. Bxc8 Kxc8 42. Be7 Kd7 43. Bxf6 Kd6 44. Kd3 e4+ 45. fxe4 dxe4+ 46. Kxe4 Kc5 47. a5 Kb5 48. Bd8 Kc4 49. Kf5 Kd3 50. Kg6 Ke2 51. Kxh6 Kf2 52. Kxg5 Kg2 53. h4 Kg3 54. h5 Kf3 55. h6 Ke4 56. h7 Kd5 57. h8Q Kc5 58. Qe5+ Kb4 59. Qd5 Kc3 60. Qe4 Kd2 61. Qf3 Ke1 62. Qg2 Kd1 63. Qf2 Kc1 64. Qe2 Kb1 65. Qd2 Ka1 66. Bf6+ Kb1 67. Qb2# 1-0